00720nam a2200217I 45000010005000000030008000050050017000130080041000300350025000710350020000960400037001160410008001530820018001611000053001792450080002322600058003123000048003705040051004186500016004696500017004851297BD-RjUL20211208233318.0131125s1941 miu b 001 0 eng d a(OCoLC)01409489 1319 a(OCoLC)06309725 aTOLcTOLdCURdMYGdBD-RjULbeng aeng04a110bPAE 19411 aParker, De Witt H.q(De Witt Henry),d1885-1949.10aExperience and substance :ban essay in metaphysics /cby DeWitt H. Parker. aAnn Arbor :bThe University of Michigan Press,c1941. a4 p. l., vii-x, 371 p. :bdiagrs. ;c24 cm. aIncludes bibliographical references and index. 0aExperience. 0aMetaphysics.